000 02510cam a22005174i 4500
003 PE-LiUPU
005 20250731173341.0
008 150706s2004 sp a rb 000 0 spa d
020 _a8481696242
035 _a(Sirsi) i9788481696240
040 _aPE-LiUPU
_bspa
_cPE-LiUPU
_erda
049 _aPRUA
082 0 4 _a263.042
_bD73
_221
100 1 _aDíez Fernández, Florentino ,
_eautor.
245 1 3 _aEl Calvario y la Cueva de Adán :
_bel resultado de las últimas excavaciones en la basílica del Santo Sepulcro /
_cFlorentino Díez Fernández .
264 1 _aEstella (Navarra) :
_bVerbo Divino,
_c2004.
300 _a373 páginas :
_bilustraciones ;
_c31 centímetros.
336 _atext
_2rdacontent
337 _aunmediated
_2rdamedia
338 _avolume
_2rdacarrier
490 1 _aInstituto Bíblico y Oriental ;
_v1
504 _aIncluye bibliografía.
505 0 _aEl clavario y el santo sepulcro, vistos por la crítica de los últimos 170 años -- El testimonio de la tradición desde la muerte de Jesús hasta la construcción de la basílica de Constantino -- Área E -- Área C (El Calvario) -- La cueva del Gólgota -- La cueva del calvario en la literatura apócrifa de los primeros siglos de la era Cristiana -- La cerámica -- Estudio de la cerámica -- Monedas encontradas en las áreas C II y CIII -- Informe sobre los restos humanos hallados en al Basílica del Santo Sepulcro (Jerusalén).
526 _aSEG42
526 _aSEG41
526 _aSEG40
526 _aSEG39
526 _aP94
526 _aP87
526 _aP86
526 _aP85
526 _aP77
526 _aP76
526 _aP35
541 _g007-0020316;
610 2 _aBasílica del Santo Sepulcro (Jerusalén).
651 _aJerusalén
_xRestos arqueológicos.
910 _agl
_bjv
_cng
_d20090910
942 _2ddc
_cBOOK
949 _a263.042 D73
_wDEWEY
_c1
_i60313
_lCCODEBUL1
_mBUL
_p91.00
_r0
_sY
_tBOOK
_u2015-7-6
_xTEOLOGIA
_zUNKNOWN
_0COMPRA
_o.STAFF. Colección Teología
994 _aC0
_bPEPRU
596 _a1
999 _a263.042 D73
_wDEWEY
_c49774
_i60313
_f2021-11-10
_g5
_lCCODEBUL1
_mBUL
_p91.00
_r0
_sY
_tBOOK
_u2015-7-6
_xTEOLOGIA
_PP35
_0COMPRA
_o.STAFF. Colección Teología
_d49774
999 _a263.042 D73
_wDEWEY
_c2
_i77859
_f2021-11-10
_g4
_lCCODEBUL1
_mBUL
_p91.00
_r0
_sY
_tBOOK
_u2017-12-28
_xTEOLOGIA
_PP85
_0DONACION
_o.STAFF. Colección Teología
980 _81
_gALBERTO SANCHEZ Responsable de Automatización